Movies Quiz

Random Movies or Disney Quiz

Dangerously Disney Quiz Stats

Quiz Updated Mar 8, 2016

Also try: Disney After Dark
Challenge
Share
Tweet
Embed
Score 0/20 Timer 05:00
1 Play Today
Violence & Gore Description Movie Title % Correct
Several animals are shot by hunters and/or poachers but no blood is shown. There is a scene where two male deer fight over a female deer.Bambi
98.1%
The queen sends a woodsman to kill a girl and bring back her heart inside a box as proof.Snow White and the Seven Dwarfs
95.8%
Two girls tear at the dress and jewelry of a third, ruining them. A woman trips a man who falls to the floor. A cat falls out of a tower window.Cinderella
92%
Mickey chops a live broom to bits, referencing classic horror movies. The action is seen in silhouette to lessen the intensity of the scene.Fantasia
89.6%
One character is shown being trampled in a wildebeest stampede, and then he is shown falling from a cliff to his death. One character is dunked in a boiling pot.The Lion King
87.7%
A barracuda with very long and pointed teeth snaps viciously at two fish, one fish is knocked unconscious, and the other fish along with many eggs are then gone.Finding Nemo
86.2%
A character has several wounds after being attacked by a pack of wolves. Cogsworth is burned by Lumiere twice, manhandled by Maurice and run over with a tea cart.Beauty and the Beast
83.1%
The three Fates share one eyeball, and pop it out frequently to give it to each other. The Titans wreak havoc with fire, ice, tornadoes, and huge rocks.Hercules
79.7%
A leopard kills a baby gorilla. A silverback gorilla is shot at and killed (bloodlessly).Tarzan
78%
A French chef is shown graphically slicing up fish and then tries to kill a crab repeatedly in a particular scene that is played for laughs.The Little Mermaid
77.6%
Violence & Gore Description Movie Title % Correct
There is gunplay and arrows are fired between settlers and natives. Kokoum is shot and killed (no blood is shown).Pocahontas
76.2%
A grasshopper grabs an ant by the neck and starts to strangle him for fooling him with a fake bird, but a real bird comes along, grabs the grasshopper and feeds him to its babies.A Bug's Life
73.7%
We briefly see an old man flying out of a high palace window. Yzma gets struck by lightning, Kuzco gets hit the face with a frying pan.The Emperor's New Groove
70.3%
A merchant almost cuts off the princess's hand. There is talk of 'beheading'.Aladdin
64.9%
A genetically altered alien is run over by a tractor trailer, but he is no more than knocked unconscious and loses his guns.Lilo & Stitch
60.2%
A woman with a shotgun shoots repeatedly at two rats, many holes are blown in the house and furniture, the ceiling collapses and a huge number of rats pours out.Ratatouille
50.8%
An archer is shown drawing back his bow to shoot at a fleeing soldier. The shot itself and its aftermath are not shown, but it is strongly implied that the soldier is killed.Mulan
46.8%
Chief doesn't see the train until the last minute, and it hits him knocking him off the bridge into the water. He is later seen with a busted leg and can barely walk.The Fox and the Hound
27.4%
During the battle between 'the spotted hyenas' and the villains, Horace is pushed into a fireplace. His face turns red and he flies through the air with a flaming bottom.101 Dalmatians
25%
Cartoonish examples of guns firing, characters clubbing one another, 'poking' i.e punching. Honest John hammers Gideon on the head two times.Pinocchio
16.6%

You're not logged in!

Compare scores with friends on all Sporcle quizzes.
Sign Up with Email
OR
Log In

You Might Also Like...

Show Comments

Extras

Top Quizzes Today


Score Distribution

Your Account Isn't Verified!

In order to create a playlist on Sporcle, you need to verify the email address you used during registration. Go to your Sporcle Settings to finish the process.